| 000 | 00801naa a2200193 4500 | ||
|---|---|---|---|
| 001 | 115561 | ||
| 003 | ES-MaBCM | ||
| 005 | 20241016140929.0 | ||
| 008 | 051117s2005 esp|r0p 0 ||spa d | ||
| 021 | _axx | ||
| 035 | _a(OCoLC)1365135247 | ||
| 040 | _cES-MaBCM | ||
| 100 | 1 |
_aSuárez-Íñiguez, Enrique _965078 |
|
| 245 | 0 | 0 |
_aLa verdadera democracia _b: las características indispensables _cEnrique Suárez-Íñiguez |
| 520 | 0 | _aSobre las definiciones e interpretaciones de la democracia: el cumplimiento de las funciones para las que fue electo un gobierno; los mecanismos de control. Las características indispensables de la democracia | |
| 650 | 1 | 7 |
_aDemocracia _958263 |
| 773 | 0 |
_aEn: _tRevista de estudios políticos _dMadrid _gN. 127 (en.-marzo 2005), p. 161-177 _w104532 |
|
| 942 | _cAREV | ||
| 999 |
_c115561 _d115561 |
||